<?xml version="1.0" encoding="UTF-8"?>
<record
    xmlns:xsi="http://www.w3.org/2001/XMLSchema-instance"
    xsi:schemaLocation="http://www.loc.gov/MARC21/slim http://www.loc.gov/standards/marcxml/schema/MARC21slim.xsd"
    xmlns="http://www.loc.gov/MARC21/slim">

  <leader>02522cam a2200325 i 4500</leader>
  <controlfield tag="001">114216</controlfield>
  <controlfield tag="003">DR-UNIBE</controlfield>
  <controlfield tag="005">20251117100355.0</controlfield>
  <controlfield tag="007">  @ cr nn 008mamaa</controlfield>
  <controlfield tag="008">251117s2026    xxu a    sb    001 0 eng  </controlfield>
  <datafield tag="020" ind1=" " ind2=" ">
    <subfield code="a">9780135319390 (electr&#xF3;nico)</subfield>
  </datafield>
  <datafield tag="040" ind1=" " ind2=" ">
    <subfield code="a">DLC</subfield>
    <subfield code="b">spa</subfield>
    <subfield code="c">DLC</subfield>
    <subfield code="e">rda</subfield>
    <subfield code="d">BIBLIOTECA UNIBE</subfield>
  </datafield>
  <datafield tag="041" ind1=" " ind2=" ">
    <subfield code="a">eng</subfield>
  </datafield>
  <datafield tag="100" ind1=" " ind2=" ">
    <subfield code="a">Cook, Roy A. </subfield>
    <subfield code="e">autor</subfield>
    <subfield code="9">199472</subfield>
  </datafield>
  <datafield tag="100" ind1=" " ind2=" ">
    <subfield code="a">Hsu, Cathy H. C. </subfield>
    <subfield code="e">autor</subfield>
    <subfield code="9">199475</subfield>
  </datafield>
  <datafield tag="100" ind1=" " ind2=" ">
    <subfield code="a"> Taylor,  Lorraine L.</subfield>
    <subfield code="e">autor</subfield>
    <subfield code="9">200845</subfield>
  </datafield>
  <datafield tag="245" ind1="1" ind2="0">
    <subfield code="a">Tourism : the business of hospitality and travel</subfield>
  </datafield>
  <datafield tag="250" ind1=" " ind2=" ">
    <subfield code="a">S&#xE9;ptima edici&#xF3;n</subfield>
  </datafield>
  <datafield tag="260" ind1=" " ind2=" ">
    <subfield code="a">Hoboken :</subfield>
    <subfield code="b">Pearson,</subfield>
    <subfield code="c">2026</subfield>
  </datafield>
  <datafield tag="300" ind1=" " ind2=" ">
    <subfield code="a">208 p&#xE1;ginas</subfield>
  </datafield>
  <datafield tag="500" ind1=" " ind2=" ">
    <subfield code="a">Recurso en l&#xED;nea: Disponible para miembros de UNIBE a trav&#xE9;s del portal web del CRAI: https://www.unibe.edu.do/biblioteca/libros-electronicos/</subfield>
  </datafield>
  <datafield tag="505" ind1=" " ind2=" ">
    <subfield code="a">PART 1: THE TRAVELING PUBLIC AND TOURISM PROMOTERS |
1.	Introducing the world&#x2019;s largest industry, tourism |
2.	Marketing to the traveling public |
3.	Delivering quality tourism services |
4.	Bringing travelers and tourism service suppliers together |
5.	Capturing technology&#x2019;s competitive advantages |
PART 2: TOURISM SERVICE SUPPLIERS |
6.	Transportation |
7.	Accommodations |
8.	Food and beverage |
9.	Attractions and entertainment |
10.	Destinations |
PART 3: THE TOURISM ENVIRONMENT |
11.	Economic and political impacts of tourism |
12.	Environmental and social/cultural impacts of tourism |
13.	Sustaining tourism&#x2019;s benefits |
14.	The future of tourism |
</subfield>
  </datafield>
  <datafield tag="520" ind1=" " ind2="3">
    <subfield code="a">Tourism: The Business of Hospitality and Travel examines tourism through a business lens, considering the management, marketing, and finance issues most important to the industry. Conversational and fun to read, it uses cases and real examples to provide a holistic, global view of the tourism business. The 7th Edition explores trends across industry segments, with a new emphasis on the business/leisure travel market. Drawing on expanded academic research, it weighs the economic, political, environmental, and social/cultural impacts of tourism, as well as the critical issue of sustainability. International practices and perspectives are now more present, with multiple new examples.</subfield>
  </datafield>
  <datafield tag="650" ind1=" " ind2="7">
    <subfield code="a">Turismo</subfield>
    <subfield code="2">lemb</subfield>
  </datafield>
  <datafield tag="650" ind1=" " ind2="7">
    <subfield code="a">Viajes</subfield>
    <subfield code="2">lemb</subfield>
  </datafield>
  <datafield tag="653" ind1="0" ind2="0">
    <subfield code="a">Hosteler&#xED;a</subfield>
  </datafield>
  <datafield tag="655" ind1=" " ind2=" ">
    <subfield code="a">Recurso electr&#xF3;nico </subfield>
    <subfield code="9">42681</subfield>
  </datafield>
  <datafield tag="856" ind1=" " ind2=" ">
    <subfield code="u">https://ezproxy.unibe.edu.do/login?url=https://bc.vitalsource.com/tenants/unibewolterskluwerhealth/libraries?bookmeta_vbid=9780135319390</subfield>
  </datafield>
  <datafield tag="942" ind1=" " ind2=" ">
    <subfield code="2">ddc</subfield>
    <subfield code="c">EB</subfield>
  </datafield>
  <datafield tag="999" ind1=" " ind2=" ">
    <subfield code="c">114216</subfield>
    <subfield code="d">114216</subfield>
  </datafield>
  <datafield tag="952" ind1=" " ind2=" ">
    <subfield code="0">0</subfield>
    <subfield code="1">0</subfield>
    <subfield code="2">ddc</subfield>
    <subfield code="7">0</subfield>
    <subfield code="8">eTEXT</subfield>
    <subfield code="a">Principal</subfield>
    <subfield code="d">2026-03-23</subfield>
    <subfield code="l">0</subfield>
    <subfield code="p">EB0524</subfield>
    <subfield code="r">2025-11-17 10:05:04</subfield>
    <subfield code="w">2025-11-17</subfield>
    <subfield code="y">EB</subfield>
  </datafield>
</record>
